| 000 | 00356nam a22001577a 4500 | ||
|---|---|---|---|
| 003 | OSt | ||
| 005 | 20220308112557.0 | ||
| 008 | 220202b |||||||| |||| 00| 0 eng d | ||
| 020 | _a0582229111 | ||
| 040 | _cHU | ||
| 082 |
_a621.3815 _b1 |
||
| 100 |
_aLoveday G.C. _929519 |
||
| 245 | _aElectronic Fault Diagnosis | ||
| 250 | _a4th | ||
| 942 |
_2ddc _cBOOKS _n0 |
||
| 999 |
_c28991 _d28991 |
||